000 00282nam a22001217a 4500
008 170330b xxu||||| |||| 00| 0 eng d
041 _aeng
080 _24ED
_a616-053.2
100 _a8
101 _aSHM
245 _aPHYSIATRIC EXAMINATION OF CHILDREN
_cSIMONS.J.E
942 _2udc
_cBK
999 _c9071
_d9071